Príprava realizácie obnovy NKP kláštora Hieromitov v Piargu
Salvato in:
| Autore principale: | |
|---|---|
| Altri autori: | |
| Natura: | Manoscritto Libro |
| Lingua: | slovacco |
| Pubblicazione: |
2017
|
| Soggetti: | |
| Accesso online: | http://is.stuba.sk/zp/portal_zp.pl?podrobnosti=129979 https://opac.crzp.sk/?fn=detailBiblioForm&sid=D79A57A76A32382FF3B2A45572E0 |
| Tags: |
Nessun Tag, puoi essere il primo ad aggiungerne!!
|
MARC
| LEADER | 00000ntm a22000003a 4500 | ||
|---|---|---|---|
| 001 | stuzp60672 | ||
| 003 | SK-STU | ||
| 005 | 20230815103950.3 | ||
| 007 | ta | ||
| 008 | 150427s2015----xo-----f-mn---000-0-slo-d | ||
| 040 | |a STU |b slo | ||
| 041 | 0 | |a slo | |
| 100 | 1 | |a Krajčovic, Slavomír |u 010270 |4 aut |U SvF Stavebná fakulta |T SvF Katedra technológie stavieb |X 55252 |U V270 |Y 28 |7 55252 | |
| 242 | 0 | 1 | |a Preparations for the reconstruction of NKP of the Hieromitas Monastery in Piarg |y eng |
| 245 | 1 | 0 | |a Príprava realizácie obnovy NKP kláštora Hieromitov v Piargu |
| 260 | |c 2017 | ||
| 650 | 4 | |a zariadenie staveniska |2 slo | |
| 650 | 4 | |a výmena strešnej krytiny |2 slo | |
| 650 | 4 | |a obnova národnej kultúrnej pamiatky |2 slo | |
| 650 | 4 | |a obnova fasády |2 slo | |
| 650 | 4 | |a sanačné omietky |2 slo | |
| 650 | 4 | |a renovation of national cultural monuments |2 eng | |
| 650 | 4 | |a roofing, renovation of the facade |2 eng | |
| 650 | 4 | |a construction equipment |2 eng | |
| 650 | 4 | |a redevelopment plaster |2 eng | |
| 700 | 1 | |a Makýš, Oto |u 010270 |k Z1 |4 ths |U SvF Stavebná fakulta |T SvF Katedra technológie stavieb |X 832 |U V270 |Y 28 |7 A000000832 | |
| 856 | 4 | |u http://is.stuba.sk/zp/portal_zp.pl?podrobnosti=129979 | |
| 856 | 4 | |u https://opac.crzp.sk/?fn=detailBiblioForm&sid=D79A57A76A32382FF3B2A45572E0 | |